Rámah a Sítá Epos Rámájanam

Bibliographic Details
Main Author: Mukerdži, Dhan Gopal (Author)
Format: Book
Language:Undetermined
PhysicalDescription:196 s.
Published: Železný Brod "Světlo Indie" 1946

MARC

LEADER 00000nam a2200000 a 4500
001 vtls001328091
003 SK-MaSNL
005 20260301005630.0
008 240313s1946 xx 0 und
035 |a SNK000280907 
040 |a SNK  |b slo  |c SNK  |e AACR2 
100 1 |a Mukerdži, Dhan Gopal  |4 aut  |9 290233 
245 1 |a Rámah a Sítá  |b Epos Rámájanam 
260 |a Železný Brod  |b "Světlo Indie"  |c 1946 
300 |a 196 s. 
999 |c 545754  |d 547684 
952 |t P60, <05>, [BOOK], {605}  |a SNK  |b SNK  |y PREZ  |7 0  |p 17A0135334  |o snkIC 3471  |0 0  |1 0  |4 0  |d 1998-04-17  |l 0  |r 2005-01-02 00:00:00  |w 2026-02-23